• 首页
  • 本馆介绍
  • 公告通知
  • 最新文献
  • 馆藏检索
  • 电子资源
  • 读者荐购
  • 参考咨询
  • CALIS
  • 我的图书馆
  • 登录
  • 详细信息显示
  • 放入我的书架
  • 预约/预借图书
  • 作者相关作品
  • 分类相关作品
  • 丛书相关作品
  • 出版社相关作品

书目信息

  • 表格格式
  • 工作单格式
  • 卡片格式
题名:
唐宋小令三百首
    
 
作者: 罗仲鼎 , 周菁齐 选注
分册:  
出版信息: 杭州   浙江古籍出版社  2024.07
页数: 12,19,281页
开本: 21cm
丛书名:
单 册:
中图分类: I222.84
科图分类:
主题词: 唐宋词--选集
电子资源:
ISBN: 978-7-5540-3031-8
 
 
 
 
 
000 00966nam0 2200241 450
001 012703292
005 20251022111501.36
010    @a978-7-5540-3031-8@dCNY58.00
100    @a20240906d2024 em y0chiy0120 ea
101 0  @achi
102    @aCN@b330000
105    @ay z 000gy
106    @ar
200 1  @a唐宋小令三百首@9tang song xiao ling san bai shou@f罗仲鼎,周菁齐选注
210    @a杭州@c浙江古籍出版社@d2024.07
215    @a12,19,281页@d21cm
330    @a本书是在《千首唐宋小令校注》基础上所作的删减压缩而成。为了让广大读者好地理解作品的思想艺术特点,本书对入选作品做了简单的注解。注解分《注释》和《说明》两部分。《注释》主要解释词语典故,若有重要异文,也同时列出,不另出校记。《说明》侧重分析作品的主旨和艺术特点,若有本事,也加以记录。
606 0  @a唐宋词@j选集
690    @aI222.84@v5
701  0 @a罗仲鼎@9luo zhong ding@4选注
701  0 @a周菁齐@9zhou jing qi@4选注
801  0 @aCN@c20250909
905    @a河南城建学院图书馆@dI222.84@eL970@ZL970@f1
    
    唐宋小令三百首/罗仲鼎,周菁齐选注.-杭州:浙江古籍出版社,2024.07
    12,19,281页;21cm
    
    
    ISBN 978-7-5540-3031-8:CNY58.00
    本书是在《千首唐宋小令校注》基础上所作的删减压缩而成。为了让广大读者好地理解作品的思想艺术特点,本书对入选作品做了简单的注解。注解分《注释》和《说明》两部分。《注释》主要解释词语典故,若有重要异文,也同时列出,不另出校记。《说明》侧重分析作品的主旨和艺术特点,若有本事,也加以记录。
●
相关链接 在E读中查询图书 在当当中查询图书 在豆瓣中查询图书


正题名:唐宋小令三百首     索取号:I222.84/L970         预约/预借

序号 登录号 条形码 馆藏地/架位号 状态 备注
1 1632336   216323360   文学库108/108文学库 17排3列3层/ [索取号:I222.84/L970] 在馆    
河南城建学院图书馆 欢迎您!
大连网信软件有限公司© 版权所有